|
|
|
|
| LEADER |
00665nam a2200193Ia 4500 |
| 001 |
CTU_57327 |
| 008 |
210402s9999 xx 000 0 und d |
| 020 |
|
|
|b 504000
|
| 082 |
|
|
|a 415
|
| 082 |
|
|
|b C818
|
| 100 |
|
|
|a Francis Cornish
|
| 245 |
|
0 |
|a Anaphora, discourse and understanding: Evidence from English and French
|
| 245 |
|
0 |
|c Francis Cornish
|
| 260 |
|
|
|a Oxford, NY
|
| 260 |
|
|
|b Clarendon Press
|
| 260 |
|
|
|c 1999
|
| 650 |
|
|
|a anaphora ( linguistics ),grammar, comparative and general,discourse analysis,psycholinguistics,english language,french language
|
| 650 |
|
|
|x deixis,anaphora,anaphora
|
| 980 |
|
|
|a Trung tâm Học liệu Trường Đại học Cần Thơ
|